Vista normal
Vista MARC
Entrada Topical Term
Número de registros utilizados en: 1
001 - CONTROL NUMBER
- control field: 38411
003 - CONTROL NUMBER IDENTIFIER
- control field: OSt
005 - DATE AND TIME OF LATEST TRANSACTION
- control field: 20210712150401.0
008 - FIXED-LENGTH DATA ELEMENTS
- fixed length control field: 210712|| aca||aabn | a|a d
040 ## - CATALOGING SOURCE
- Original cataloging agency: OSt
- Transcribing agency: OSt
150 ## - HEADING--TOPICAL TERM
- Topical term or geographic name entry element: Futuros
670 ## - SOURCE DATA FOUND
- Source citation: Work cat.: (OSt)8061: Hull, John C., 16223 autor, Options, futures, and other derivatives / , © 2006